000 00629na a2200229 4500
001 18605
003 MIRAKIL
005 20181213155121.0
008 161122b tu 000 0
035 _a18605
040 _aMilas
_btur
_cTR-AnCHP
041 _atur
082 _a350
_bA97k 2007
090 _a350 A97k 2007
100 _aAysan, Mustafa A.
245 _aKurumsal yönetim ve risk
_cMustafa A. Aysan
260 _aİstanbul
_c2007
_fElit Ofset Matbaacılık
300 _a320 s.
_c23 sm.
500 _aYapıt yazarından imzalıdır.
650 _aKamu yönetimi
_xKurumsal yönetim
_zTürkiye
942 _2ddc
_cBKS
999 _c6862
_d6862